| 000 | 00425nam a2200157Ia 4500 | ||
|---|---|---|---|
| 005 | 20260430133801.0 | ||
| 008 | 260429s9999||||xx |||||||||||||| ||und|| | ||
| 020 | _a9788196924393 | ||
| 082 |
_a294.5 _bGOY |
||
| 100 | _aGoyal, S. R. | ||
| 245 | 0 |
_aHinduism in the context of social history, Vol. 2 _cS. R. Goyal |
|
| 260 |
_aJaipur : _bY King Books, _c2024. |
||
| 300 | _axxxv, 160 p.; hb | ||
| 440 | _vVol. 2 | ||
| 942 | _cTB | ||
| 999 |
_c53986 _d53986 |
||